LEADER 00965nam0-22002531i-450 001 9910631694203321 005 20221213105915.0 100 $a20000112d1977----km-u0itay50------ba 101 0 $aita 102 $aIT 105 $ay-------101yy 200 1 $a<>progetto speciale per l'area metropolitana di Napoli nel contesto dell'azione per lo sviluppo equilibrato della Campania$eNapoli Sala dei Baroni, 18 Luglio 1977$fRegione Campania$grelatore Armando De Rosa 210 $aNapoli$cSO.GRA.ME$d1977 215 $a32 p.$d28 cm 610 0 $aNapoli$aPianificazione urbanistica 702 1$aDe_Rosa$bArmando 710 01$aCampania$c$0270004 801 0$aIT$bUNINA$gRICA$2UNIMARC 901 $aBK 912 $a9910631694203321 952 $aFONDO ROSSI 2013$bROSSI 2086$fFARBC 959 $aFARBC 996 $aProgetto speciale per l'area metropolitana di Napoli nel contesto dell'azione per lo sviluppo equilibrato della Campania$9581913 997 $aUNINA LEADER 01121nam 2200397 450 001 9910796452103321 005 20230807220406.0 010 $a2-335-15102-9 035 $a(CKB)3820000000022612 035 $a(MiAaPQ)EBC4465662 035 $a(Au-PeEL)EBL4465662 035 $a(CaPaEBR)ebr11192168 035 $a(OCoLC)946009472 035 $a(EXLCZ)993820000000022612 100 $a20160516h20152015 uy 0 101 0 $afre 135 $aurcnu|||||||| 181 $2rdacontent 182 $2rdamedia 183 $2rdacarrier 200 10$aAscension au pic de Ne?thou $ec /$fAdolphe Mony 210 1$a[Place of publication not identified] :$cE?ditions Ligaran,$d2015. 210 4$dİ2015 215 $a1 online resource (35 pages) 300 $a"Livre nume?rique"--Cover. 607 $aSpain$xHistory 607 $aMaladeta, Pico de la (Spain)$xHistory 676 $a946 700 $aMony$b Adolphe$01489170 801 0$bMiAaPQ 801 1$bMiAaPQ 801 2$bMiAaPQ 906 $aBOOK 912 $a9910796452103321 996 $aAscension au pic de Ne?thou$93709758 997 $aUNINA